| 000 | 00869cam a2200241 a 4500 | ||
|---|---|---|---|
| 001 | 000005715 | ||
| 003 | DO-SdBNP | ||
| 005 | 20251027144223.0 | ||
| 008 | 000531s1999 ve ab b 000 0 spa | ||
| 020 | _a9800303030 | ||
| 040 |
_aDO-SdBNP _cDLC |
||
| 082 |
_a987.98 _bS228o |
||
| 100 | 1 |
_aSanoja, Mario. _916154 |
|
| 245 | 1 | 0 |
_aOrigenes de Venezuela : _bregiones geohistóricas aborígenes hasta 1500 d.c. / _cMario Sanoja, Iraida Vargas-Arenas. |
| 260 |
_aCaracas : _bComisión Presidencial V Centenario de Venezuela, _c1999. |
||
| 300 |
_a217 p. : _bil., maps ; _c22 cm. |
||
| 504 | _aIncluye referencias bibliográficas (p. 191-217). | ||
| 650 | 4 |
_aIndios de sur américa _zVenezuela _xAntigüedades _916155 |
|
| 651 | 0 |
_aVenezuela _xAntigüedades _926230 |
|
| 700 | 1 |
_aVargas Arenas, Iraida. _916157 |
|
| 910 | _aCatalogación por copia / LC | ||
| 942 |
_2ddc _cLBS1 |
||
| 999 |
_c5511 _d5511 |
||